[Event "Izmailov Memorial op 11th"]
[Site "Tomsk"]
[Date "2007.??.??"]
[Round "?"]
[White "Khasin, Alexander"]
[Black "Medybaev, Daniyar"]
[Result "1-0"]
[WhiteElo "2516"]
[BlackElo "2188"]
[PlyCount "63"]
[EventDate "2007.06.25"]
[EventType "swiss"]
[EventRounds "9"]
[EventCountry "RUS"]
[SourceTitle "EXT 2008"]
[Source "ChessBase"]
[SourceDate "2007.11.25"]
[SourceVersion "1"]
[SourceVersionDate "2007.11.25"]
[SourceQuality "1"]

1. c4 Nf6 2. g3 g6 3. Bg2 Bg7 4. Nc3 0-0 5. d4 d6 6. Nf3 Nbd7 7. 0-0 e5 8. e4 c6 9. Be3 Ng4 10. Bg5 f6 11. Bc1 Qc7 12. h3 Nh6 13. b4 f5 14. Ng5 Nf6 15. dxe5 dxe5 16. c5 Kh8 17. b5 Qe7 18. bxc6 bxc6 19. Qd6 Qe8 20. exf5 e4 21. fxg6 Nf5 22. Nf7+ Qxf7 23. gxf7 Nxd6 24. cxd6 Nd5 25. Nxd5 Bxa1 26. Ne7 Rxf7 27. Rd1 Bf6 28. Ba3 Be6 29. Bxe4 Bxa2 30. Nxc6 Re8 31. Bf3 Be6 32. Bh5 1-0

[Event "Izmailov Memorial op 11th"]
[Site "Tomsk"]
[Date "2007.??.??"]
[Round "?"]
[White "Medybaev, Daniyar"]
[Black "Nebolsina, Vera"]
[Result "0-1"]
[WhiteElo "2188"]
[BlackElo "2324"]
[PlyCount "54"]
[EventDate "2007.06.25"]
[EventType "swiss"]
[EventRounds "9"]
[EventCountry "RUS"]
[SourceTitle "EXT 2008"]
[Source "ChessBase"]
[SourceDate "2007.11.25"]
[SourceVersion "1"]
[SourceVersionDate "2007.11.25"]
[SourceQuality "1"]

1. Nf3 g6 2. g3 Bg7 3. Bg2 c5 4. 0-0 Nc6 5. e4 e5 6. Nc3 Nge7 7. a3 0-0 8. b4 d6 9. d3 cxb4 10. axb4 Nxb4 11. Ba3 Nec6 12. Nd2 Be6 13. Qb1 a5 14. Nd5 Bxd5 15. exd5 Nd4 16. Bxb4 axb4 17. Rxa8 Qxa8 18. Qxb4 Qa6 19. c4 f5 20. Rb1 Rf7 21. Nb3 e4 22. Nc1 Bh6 23. Qb2 Qa7 24. dxe4 fxe4 25. Bxe4 Re7 26. Bd3 Nf3+ 27. Kh1 Bd2 0-1

[Event "Izmailov Memorial op 11th"]
[Site "Tomsk"]
[Date "2007.??.??"]
[Round "1"]
[White "Medybaev, Daniyar"]
[Black "Nevostrujev, Vladimir"]
[Result "0-1"]
[WhiteElo "2188"]
[BlackElo "2484"]
[PlyCount "112"]
[EventDate "2007.06.25"]
[EventType "swiss"]
[EventRounds "9"]
[EventCountry "RUS"]
[SourceTitle "EXT 2008"]
[Source "ChessBase"]
[SourceDate "2007.11.25"]
[SourceVersion "1"]
[SourceVersionDate "2007.11.25"]
[SourceQuality "1"]

1. Nf3 c5 2. c4 g6 3. Nc3 Bg7 4. g3 Nf6 5. Bg2 0-0 6. 0-0 d5 7. d3 Nc6 8. Bg5 dxc4 9. dxc4 Bf5 10. Rc1 Ne4 11. Be3 Nxc3 12. bxc3 b6 13. Nh4 Bd7 14. Rc2 Qc8 15. Qc1 Bh3 16. Bh6 Bxg2 17. Nxg2 Rd8 18. Bxg7 Kxg7 19. Qf4 Qf5 20. Qxf5 gxf5 21. Ne3 e6 22. Rd1 Rxd1+ 23. Nxd1 Rd8 24. Ne3 Kf6 25. Kf1 h5 26. Ke1 h4 27. Rd2 hxg3 28. hxg3 Rh8 29. Rd6 Nb8 30. Rd1 Ke7 31. Kf1 Nd7 32. Kg2 Rg8 33. Kh2 Nf6 34. f3 Nh5 35. Nf1 f4 36. g4 Nf6 37. e3 fxe3 38. Nxe3 Nd7 39. Kg3 Ne5 40. Kf4 Ng6+ 41. Ke4 Rh8 42. Rd2 Rh4 43. f4 f5+ 44. Nxf5+ exf5+ 45. Kxf5 Nf8 46. a4 Rh3 47. a5 Rxc3 48. axb6 axb6 49. Re2+ Kf7 50. Rb2 Ng6 51. Rxb6 Ne7+ 52. Kg5 Rxc4 53. Rb7 Rd4 54. f5 c4 55. Ra7 Ke8 56. Kf6 c3 0-1

[Event "Izmailov Memorial op 11th"]
[Site "Tomsk"]
[Date "2007.??.??"]
[Round "?"]
[White "Medybaev, Daniyar"]
[Black "Tuzhik, Artem"]
[Result "1-0"]
[WhiteElo "2188"]
[BlackElo "2328"]
[PlyCount "74"]
[EventDate "2007.06.25"]
[EventType "swiss"]
[EventRounds "9"]
[EventCountry "RUS"]
[SourceTitle "EXT 2008"]
[Source "ChessBase"]
[SourceDate "2007.11.25"]
[SourceVersion "1"]
[SourceVersionDate "2007.11.25"]
[SourceQuality "1"]

1. Nf3 c5 2. g3 b6 3. Bg2 Bb7 4. 0-0 Nf6 5. c4 e6 6. Nc3 Be7 7. d3 d5 8. b3 0-0 9. Bb2 Nbd7 10. a3 d4 11. Na2 Qc7 12. Bc1 e5 13. b4 Rfe8 14. Rb1 Bd6 15. bxc5 Bxc5 16. Nb4 Rad8 17. Ng5 h6 18. Nf3 Nf8 19. Nd2 a5 20. Bxb7 Qxb7 21. Nc2 a4 22. Nb4 Qd7 23. f3 Nh5 24. Nd5 Qh3 25. Ne4 Qe6 26. Nc7 Qg6 27. Nxe8 Rxe8 28. Kf2 f5 29. Nxc5 bxc5 30. Qxa4 e4 31. Qa5 f4 32. g4 exd3 33. exd3 Qxd3 34. Rb2 Re3 35. Kg2 Ng6 36. Qd8+ Kh7 37. gxh5 Re7 1-0

[Event "Izmailov Memorial op 11th"]
[Site "Tomsk"]
[Date "2007.??.??"]
[Round "?"]
[White "Popov, Roman"]
[Black "Medybaev, Daniyar"]
[Result "1/2-1/2"]
[WhiteElo "2362"]
[BlackElo "2188"]
[PlyCount "73"]
[EventDate "2007.06.25"]
[EventType "swiss"]
[EventRounds "9"]
[EventCountry "RUS"]
[SourceTitle "EXT 2008"]
[Source "ChessBase"]
[SourceDate "2007.11.25"]
[SourceVersion "1"]
[SourceVersionDate "2007.11.25"]
[SourceQuality "1"]

1. d4 Nf6 2. Nf3 d6 3. c4 Nbd7 4. Nc3 e5 5. e4 c6 6. Be2 Be7 7. 0-0 0-0 8. Re1 a6 9. a3 b5 10. d5 cxd5 11. cxd5 Nb6 12. h3 Bd7 13. b3 Rc8 14. Bd2 Ne8 15. Bd3 f5 16. exf5 Bxf5 17. Bxf5 Rxf5 18. Rc1 Qd7 19. Be3 Bd8 20. Nd2 a5 21. Bxb6 Bxb6 22. Nce4 Rxc1 23. Qxc1 Qb7 24. a4 bxa4 25. bxa4 Qxd5 26. Qc8 Rf8 27. Nc4 Bd4 28. Re2 Qf7 29. Qc6 d5 30. Ng5 Bxf2+ 31. Kh1 Qf4 32. Qxd5+ Kh8 33. Rxf2 Qxf2 34. Nxe5 Qf1+ 35. Kh2 Qf4+ 36. Kh1 Qc1+ 37. Kh2 1/2-1/2

[Event "World ol U16 04th"]
[Site "Calicut"]
[Date "2004.07.??"]
[Round "6"]
[White "Gopal, Geetha Narayanan"]
[Black "Medybaev, Daniyar"]
[Result "1/2-1/2"]
[WhiteElo "2275"]
[BlackElo "2235"]
[PlyCount "35"]
[EventDate "2004.07.01"]
[EventType "team-swiss"]
[EventRounds "9"]
[EventCountry "IND"]
[SourceTitle "EXT 2014"]
[Source "ChessBase"]
[SourceDate "2013.11.20"]
[SourceVersion "1"]
[SourceVersionDate "2013.11.20"]
[SourceQuality "1"]

1. e4 c5 2. Nf3 d6 3. d4 cxd4 4. Nxd4 Nf6 5. Nc3 g6 6. Be2 Bg7 7. 0-0 0-0 8. Bg5 Nc6 9. Nb3 Be6 10. f4 Rc8 11. Kh1 a6 12. a4 Na5 13. Nd4 Nc4 14. Nxe6 fxe6 15. Bxc4 Rxc4 16. Qd3 Rc5 17. Rae1 Qc7 18. Qh3 1/2-1/2

[Event "World ol U16 04th"]
[Site "Calicut"]
[Date "2004.07.??"]
[Round "9"]
[White "Khamrakulov, Djurabek"]
[Black "Medybaev, Daniyar"]
[Result "1-0"]
[WhiteElo "2301"]
[BlackElo "2235"]
[PlyCount "81"]
[EventDate "2004.07.01"]
[EventType "team-swiss"]
[EventRounds "9"]
[EventCountry "IND"]
[SourceTitle "EXT 2014"]
[Source "ChessBase"]
[SourceDate "2013.11.20"]
[SourceVersion "1"]
[SourceVersionDate "2013.11.20"]
[SourceQuality "1"]

1. e4 c5 2. Nf3 d6 3. Bb5+ Bd7 4. Bxd7+ Qxd7 5. c4 Nf6 6. Nc3 Nc6 7. d4 cxd4 8. Nxd4 g6 9. f3 Bg7 10. Nde2 0-0 11. 0-0 Rac8 12. Be3 b6 13. Qd2 Qb7 14. b3 Rfd8 15. Rfd1 a6 16. a4 Ne5 17. Bd4 Nc6 18. Bf2 Nd7 19. Rab1 Nc5 20. Qd5 e6 21. Qd2 Ne5 22. Bd4 Qe7 23. Nc1 Qh4 24. Be3 h6 25. N3e2 Kh7 26. Bf2 Qf6 27. Bd4 Qh4 28. Bf2 Qf6 29. Qf4 Qe7 30. Qe3 h5 31. h3 Qb7 32. f4 Nc6 33. Nd3 Na5 34. Nxc5 dxc5 35. Be1 Nc6 36. Bc3 Bxc3 37. Qxc3 Qe7 38. e5 Rd7 39. Ng3 Rcd8 40. Rxd7 Qxd7 41. Kh2 1-0

[Event "World ol U16 04th"]
[Site "Calicut"]
[Date "2004.07.??"]
[Round "7"]
[White "Medybaev, Daniyar"]
[Black "Boros, Denes"]
[Result "1/2-1/2"]
[WhiteElo "2235"]
[BlackElo "2401"]
[PlyCount "46"]
[EventDate "2004.07.01"]
[EventType "team-swiss"]
[EventRounds "9"]
[EventCountry "IND"]
[SourceTitle "EXT 2014"]
[Source "ChessBase"]
[SourceDate "2013.11.20"]
[SourceVersion "1"]
[SourceVersionDate "2013.11.20"]
[SourceQuality "1"]

1. Nf3 g6 2. g3 Bg7 3. Bg2 d5 4. 0-0 Nf6 5. d3 0-0 6. Nbd2 Nc6 7. e4 Bg4 8. h3 Bxf3 9. Qxf3 e6 10. Nb3 a5 11. a4 dxe4 12. dxe4 Nd7 13. Rd1 Qe7 14. c3 Nb6 15. Be3 Rfd8 16. Bc5 Qf6 17. Rxd8+ Rxd8 18. Qe2 Rd7 19. Be3 Bf8 20. Nc5 Bxc5 21. Bxc5 h5 22. h4 Qd8 23. Be3 Ne5 1/2-1/2

[Event "World ol U16 04th"]
[Site "Calicut"]
[Date "2004.07.??"]
[Round "8"]
[White "Medybaev, Daniyar"]
[Black "Sriram, Sarja"]
[Result "1/2-1/2"]
[WhiteElo "2235"]
[BlackElo "2162"]
[PlyCount "57"]
[EventDate "2004.07.01"]
[EventType "team-swiss"]
[EventRounds "9"]
[EventCountry "IND"]
[SourceTitle "EXT 2014"]
[Source "ChessBase"]
[SourceDate "2013.11.20"]
[SourceVersion "1"]
[SourceVersionDate "2013.11.20"]
[SourceQuality "1"]

1. Nf3 Nf6 2. b3 c5 3. Bb2 b6 4. e3 Bb7 5. Be2 g6 6. 0-0 Bg7 7. d4 0-0 8. c4 cxd4 9. exd4 d5 10. Nbd2 Nc6 11. Rc1 Nh5 12. g3 dxc4 13. Nxc4 Nb4 14. a3 Nd5 15. Nfe5 Nhf6 16. Bf3 Bh6 17. Rc2 Rc8 18. Bc1 Bg7 19. Bg5 Ba8 20. b4 b5 21. Na5 Nc3 22. Qe1 Bxf3 23. Rxc3 Rxc3 24. Qxc3 Ba8 25. Nac6 Qd6 26. Qc5 Re8 27. Qxd6 exd6 28. Rc1 Re6 29. Kg2 1/2-1/2